Living abundantly, (Record no. 7412)

MARC details
000 -LEADER
fixed length control field 00895cam a22002651 4500
001 - CONTROL NUMBER
control field 8323600
003 - CONTROL NUMBER IDENTIFIER
control field GBCCL
005 - DATE AND TIME OF LATEST TRANSACTION
control field 20241126110627.0
008 - FIXED-LENGTH DATA ELEMENTS--GENERAL INFORMATION
fixed length control field 780616s1942 xx 000 0 eng
010 ## -
-- 42018907
035 ## - SYSTEM CONTROL NUMBER
System control number (OCoLC)3979201
040 ## - CATALOGING SOURCE
Original cataloging agency DLC
Transcribing agency SdSifB
Modifying agency DLC
042 ## -
-- premarc
050 00 -
-- BV770
-- .B77
082 ## - DEWEY DECIMAL CLASSIFICATION NUMBER
Classification number 248
Item number BUR
100 1# - MAIN ENTRY--PERSONAL NAME
Personal name Burkhalter, Frank E.
Fuller form of name (Frank Elisha),
Dates associated with a name 1880-1963.
9 (RLIN) 13107
245 10 - TITLE STATEMENT
Title Living abundantly,
Remainder of title a study in Christian stewardship
Statement of responsibility, etc. [by] Frank E. Burkhalter...
260 ## - PUBLICATION, DISTRIBUTION, ETC.
Place of publication, distribution, etc. Nashville, Tenn.,
Name of publisher, distributor, etc. The Sunday school board of the Southern Baptist convention
Date of publication, distribution, etc. 1965, [1942]
300 ## - PHYSICAL DESCRIPTION
Extent 144 p.
Dimensions 19cm.
504 ## - BIBLIOGRAPHY, ETC. NOTE
Bibliography, etc. note Bibliography: p. 143-144.
650 #0 - SUBJECT ADDED ENTRY--TOPICAL TERM
Topical term or geographic name entry element Christian stewardship
9 (RLIN) 3460
710 2# - ADDED ENTRY--CORPORATE NAME
Corporate name or jurisdiction name as entry element Southern Baptist Convention.
Subordinate unit Sunday School Board.
9 (RLIN) 6027
906 ## - LOCAL DATA ELEMENT F, LDF (RLIN)
a 7
b cbc
c oclcrpl
d u
e ncip
f 19
g y-gencatlg
942 ## - ADDED ENTRY ELEMENTS (KOHA)
Source of classification or shelving scheme Dewey Decimal Classification
Koha item type Books
Koha issues (borrowed), all copies 1
Holdings
Withdrawn status Lost status Source of classification or shelving scheme Damaged status Not for loan Home library Current Library Shelving location Date acquired Total checkouts Full call number Barcode Date last seen Copy number Price effective from Koha item type Date last checked out
    Dewey Decimal Classification     GRACE BIBLE COLLEGE GRACE BIBLE COLLEGE Ministry & Mission 2018-08-06   248 BUR 002466 2025-05-01 c.1 2018-08-06 Books  
    Dewey Decimal Classification     GRACE BIBLE COLLEGE GRACE BIBLE COLLEGE Ministry & Mission 2018-08-06 1 248 BUR 002467 2025-05-01 c.2 2018-08-06 Books 2023-03-16
© Grace Bible College Library 2025